Ser como el bambu = (Record no. 16468)

MARC details
000 -LEADER
fixed length control field 02113cam a2200457Ii 4500
001 - CONTROL NUMBER
control field sjds902910
003 - CONTROL NUMBER IDENTIFIER
control field sjds
005 - DATE AND TIME OF LATEST TRANSACTION
control field 20200627201947.0
008 - FIXED-LENGTH DATA ELEMENTS--GENERAL INFORMATION
fixed length control field 160226s2015 tnua b 000 1 spa d
020 ## - INTERNATIONAL STANDARD BOOK NUMBER
International Standard Book Number 9780829701463
020 ## - INTERNATIONAL STANDARD BOOK NUMBER
International Standard Book Number 082970146X
035 ## - SYSTEM CONTROL NUMBER
System control number (OCoLC)941174439
Canceled/invalid control number (OCoLC)913335993
035 ## - SYSTEM CONTROL NUMBER
System control number (OCoLC)ocn941174439
035 ## - SYSTEM CONTROL NUMBER
System control number 838206
040 ## - CATALOGING SOURCE
Original cataloging agency JOV
Language of cataloging eng
Transcribing agency JOV
Description conventions rda
Modifying agency JOV
-- MCT
-- BDX
-- ZPP
-- SAP
-- OCLCF
-- BTCTA
-- AZT
-- NYP
-- OCL
-- IFA
041 0# - LANGUAGE CODE
Language code of text/sound track or separate title spa
-- eng
049 ## - LOCAL HOLDINGS (OCLC)
Holding library IFAA
099 ## - LOCAL FREE-TEXT CALL NUMBER (OCLC)
Filing suffix 2015
100 1# - MAIN ENTRY--PERSONAL NAME
Personal name Cala, Ismael,
Relator term author.
245 10 - TITLE STATEMENT
Title Ser como el bambu =
Remainder of title Be like the bamboo /
Statement of responsibility, etc. Ismael Cala ; ilustrado por / illustrated by Yunior Suarez.
246 31 - VARYING FORM OF TITLE
Title proper/short title Be like the bamboo
260 ## - PUBLICATION, DISTRIBUTION, ETC. (IMPRINT)
Place of publication, distribution, etc. Nashville, Tennesse :
Name of publisher, distributor, etc. HarperCollins Espanol,
Date of publication, distribution, etc. [2015]
264 #1 - PRODUCTION, PUBLICATION, DISTRIBUTION, MANUFACTURE, AND COPYRIGHT NOTICE
Place of production, publication, distribution, manufacture Nashville, Tennesse :
Name of producer, publisher, distributor, manufacturer HarperCollins Espanol,
Date of production, publication, distribution, manufacture, or copyright notice [2015]
300 ## - PHYSICAL DESCRIPTION
Extent 1 volume (unpaged) :
Other physical details color illustrations ;
Dimensions 21 x 21 cm
336 ## - CONTENT TYPE
Content type term text
Content type code txt
Source rdacontent
337 ## - MEDIA TYPE
Media type term unmediated
Media type code n
Source rdamedia
338 ## - CARRIER TYPE
Carrier type term volume
Carrier type code nc
Source rdacarrier
520 ## - SUMMARY, ETC.
Summary, etc. Adorablemente ilustrado, este libro ensena a los ninos sobre las muchas propiedades del bambu en una tierna y dulce historia. Una buena manera para que padres e hijos convivan a la vez que fomentan el habito de la lectura con un valioso y entretenido mensaje. Este libro permite que los ninos aprendan jugando.
520 ## - SUMMARY, ETC.
Summary, etc. "I want to be tall, strong and flexible like the bamboo!", Baby Panda says to his mom. A bilingual book Spanish-English, beautifully illustrated, for children to learn the value of patience. --Page 4 of cover.
546 ## - LANGUAGE NOTE
Language note Text in Spanish and English.
650 #0 - SUBJECT ADDED ENTRY--TOPICAL TERM
Topical term or geographic name as entry element Pandas
Form subdivision Juvenile fiction.
650 #0 - SUBJECT ADDED ENTRY--TOPICAL TERM
Topical term or geographic name as entry element Bamboo
Form subdivision Juvenile fiction.
650 #0 - SUBJECT ADDED ENTRY--TOPICAL TERM
Topical term or geographic name as entry element Patience
Form subdivision Juvenile fiction.
650 #7 - SUBJECT ADDED ENTRY--TOPICAL TERM
Topical term or geographic name as entry element Pandas
Form subdivision Novela juvenil.
Source of heading or term bidex
650 #7 - SUBJECT ADDED ENTRY--TOPICAL TERM
Topical term or geographic name as entry element Bambu
Form subdivision Novela juvenil.
Source of heading or term bidex
650 #7 - SUBJECT ADDED ENTRY--TOPICAL TERM
Topical term or geographic name as entry element Paciencia
Form subdivision Novela juvenil.
Source of heading or term bidex
650 #0 - SUBJECT ADDED ENTRY--TOPICAL TERM
Topical term or geographic name as entry element Spanish language materials
General subdivision Bilingual
Form subdivision Juvenile literature.
650 #7 - SUBJECT ADDED ENTRY--TOPICAL TERM
Topical term or geographic name as entry element Materiales bilingues en espanol
Form subdivision Literatura juvenil.
Source of heading or term bidex
700 1# - ADDED ENTRY--PERSONAL NAME
Personal name Suarez, Yunior,
Relator term illustrator.
942 ## - ADDED ENTRY ELEMENTS (KOHA)
Koha item type Libro/Book
Holdings
Withdrawn status Lost status Damaged status Not for loan Home library Current library Date acquired Total Checkouts Barcode Date last seen Date checked out Price effective from Koha item type
        Genizero -- Satellite San Juan Del Sur -- Biblioteca 21/02/2020 2 35600960 27/06/2023 07/10/2021 21/02/2020 Libro/Book

Powered by Koha